000 01050nam a2200241 a 4500
008 071022s1998 ||||||||||||||||| || u
020 _a0821342010
050 _aIBRD(06)LR/1998/4
100 _aCruz, Wilfrido
245 1 0 _aUrban and industrial management in developing countries: lessons from Japanese experience
_cedited by Wilfrido Cruz; Kazuhiko Takemoto; Jeremy Warford
260 _aWashington, D.C.:
_bWorld Bank
_c1998
300 _aix, 54p. : ill.
350 _a0.00
490 _aEDI Learning Resources
500 _aReport frm a seminar organized by the Economic Development Institute of the World Bank...
650 _aENVIRONMENTAL MANAGEMENT--JAPAN--CONGRESSES
650 _aENVIRONMENTAL POLICY--JAPAN--CONGRSSES
650 _aINDUSTRIAL MANAGEMENT--JAPAN--CONGRSSES
700 _aWarford, Jeremy
700 _aTakemoto, Kazuhiko
710 _aWorld Bank
995 _D0.00
_FCBU-MAIN LIBRARY (Kitwe)
_H1
_I0.00
_M1
_UAVAILABLE
_WOct 22, 2007
_ZInternational Publications
999 _c60982
_d60982